| 000 | 00764cam a2200277 i 4500 | ||
|---|---|---|---|
| 001 | 17481647 | ||
| 005 | 20180314082619.0 | ||
| 008 | 121002s2011 njua 000 0 eng | ||
| 010 | _a 2012419701 | ||
| 020 | _a9781256127550 (hdbk.) | ||
| 020 | _a1256127558 (hdbk.) | ||
| 040 |
_aDLC _beng _erda _cDLC _dDLC |
||
| 041 | _aeng | ||
| 042 | _apcc | ||
| 043 | _an-us-nc | ||
| 080 | _a512 car | ||
| 082 | 0 | 0 |
_a512 car _223 |
| 100 | _a36 | ||
| 101 | _amat | ||
| 245 | 0 | 0 | _aAlgebra : |
| 246 | 1 | 4 | _aNorth Carolina algebra 1 |
| 246 | 1 | 3 | _aAlgebra 1 |
| 906 |
_a7 _bcbc _corignew _d2 _encip _f20 _gy-gencatlg |
||
| 942 |
_2ddc _cBK |
||
| 999 |
_c45016 _d45016 |
||